Statistics for Biggest Transfer Flops in Football

Click here to take the quiz!

General Stats

  • This quiz has been taken 1,059 times
  • The average score is 11 of 31

Answer Stats

Hint Answer % Correct
2011£50MLiverpool to ChelseaSpainFernando Torres
90%
2009£56MAC Milan to Real MadridBrazilKaka
80%
2011£35MNewcastle Utd to LiverpoolEnglandAndy Carroll
77%
2013£26MValencia to TottenhamSpainRoberto Soldado
75%
2013£25.8MAS Roma to TottenhamArgentinaÉrik Lamela
73%
2008£32MReal Madrid to Man CityBrazilRobinho
71%
2006£30.8MAC Milan to ChelseaUkraineAndriy Shevchenko
66%
2008£19MTottenham to LiverpoolIrelandRobbie Keane
60%
2001£23.4MLazio to Man UtdArgentinaJuan Sebastián Verón
55%
2011£20MAston Villa to LiverpoolEnglandStewart Downing
48%
2004£13.4MNewcastle Utd to Real MadridEnglandJonathan Woodgate
43%
2003£15.8MParma to ChelseaRomaniaAdrian Mutu
42%
2008£19MCSKA Moscow to Man CityBrazil
41%
2009£17MAS Roma to LiverpoolItalyAlberto Aquilani
40%
2002£10MLens to LiverpoolSenegalEl-Hadji Diouf
36%
2009£21.5MWerder Bremen to JuventusBrazilDiego
34%
2005£21MMan City to ChelseaEnglandShaun Wright-Phillips
34%
2008£15MBlackburn to TottenhamEnglandDavid Bentley
32%
2008£12.5MSC Heerenveen to MiddlesbroughBrazilAfonso Alves
31%
2001£8MEverton to ArsenalEnglandFrancis Jeffers
29%
2005£9MDeportivo la Coruña to Newcastle UtdSpainAlbert Luque
13%
1997£2MSC Heerenveen to Newcastle UtdDenmarkJon Dahl Tomasson
11%
2001£11.5MLyon to FulhamFranceSteve Marlet
11%
2002£9MSporting CP to Newcastle UtdPortugalHugo Viana
9%
2001£5.8MDinamo Zagreb to Aston VillaCroatiaBoško Balaban
8%
1998£7.5MSouthampton to BlackburnEnglandKevin Davies
8%
2001£6.75MTernana to BlackburnItalyCorrado Grabbi
4%
2001£3.5MNecaxa to SouthamptonEcuadorAgustín Delgado
4%
2000£5.5MWolves to Leicester CityEnglandAde Akinbiyi
3%
1999£6.7MMallorca to Newcastle UtdSpainMarcelino
3%
2008£12.5MArgentinos Juniors to SunderlandArgentinaNicolás Medina
1%

Score Distribution

Percentile by Number Answered

Percent of People with Each Score

Your Score History

You have not taken this quiz